000 01428nam0a2200313 i 4500
001 RU\NLR\BIBL_A\010408398
005 20240921192345.0
010 _a9785962408675
_9200
021 _aRU
_b2014-30069
_91847
035 _a(NILC)RuMoRGB-006806799
035 _a(NLR Aleph) 010408398
090 _a9741195
_c9741195
100 _a20140625d2013 um y0rusy50 ca
101 0 _arus
102 _aRU
105 _ay|||j|||000yy
200 1 _aДоговорное право
_eучебное пособие
_fК.С. Безик
_gМ-во образования и науки Рос. Федерации, Федер. гос. бюджет. образоват. учреждение высш. проф. образования "Иркут. гос. ун-т", Юрид. ин-т
210 _aИркутск
_cИзд-во ИГУ
_d2013
215 _a183 с.
_d21
320 _aБиблиогр.: с. 170-183 (191 назв.) и в подстроч. примеч.
606 1 _aДоговорное право
_jУчебные издания для высших учебных заведений
_yРоссийская Федерация
_92092068
_3RU\NLR\AUTH\661266175
610 0 _aдоговорное право
686 1 _aХ623.204я73
700 1 _aБезик
_bК. С.
_gКирилл Сергеевич
801 0 _aRU
_bРГБ
_c20140421
_gRCR
942 _cBOOK
980 _aNBR